000 00647nam a22002177a 4500
999 _c5897
_d5897
003 AR-CdUCM
008 190313b ||||| |||| 00| 0 spa d
040 _aMUNICIPALIDAD PROVINCIAL DEL CUSCO
_cBIBLIOTECA MUNICIPAL DEL CUSCO
082 _a869.56 /
_bV14
100 _aValdivia, Oscar
_910062
245 _aDiario de la distancia /
260 _aArequipa :
_bEds. de la Casa de la Cultura,
_c1964.
300 _a36 paginas ;
_c19 cm.
500 _aDonación familia Nieto
505 _aContenido :Poesía /
650 _aLiteratura peruana
_9169
650 _aPoesía
_9139
650 _aSiglo XX
_98
942 _2ddc
_cLIBROS
945 _arjall